000
00319nam a2200145Ia 4500
008
230718s9999 xx 000 0 und d
041
_a
Eng.
082
_a
330
_b
CHR-E
100
_a
Chrystal Lipsey
245
0
_a
Economics
260
_a
Pakistan
_b
Macmillan fab
_c
2006
300
_a
521
650
_a
Law
999
_c
26313
_d
26313